Movies Quiz

Random Movies Quiz

The opening lines of 'The Bee movie' in 1 minutes Quiz Stats

 Plays Quiz not verified by Sporcle

Challenge
Share
Tweet
Embed
Score 0/48 Timer 01:00
0 Plays Today
Answer % Correct
be
96.7%
to
94.9%
to
94.9%
to
94.9%
bee
93%
bee
93%
a
91.4%
the
91.4%
The
91.4%
of
90.6%
of
90.5%
According
89.5%
laws
89%
all
88.2%
aviation
86.4%
known
85.6%
no
85.4%
fly
83.9%
should
83.5%
able
80.1%
is
78.6%
is
78.5%
way
73.7%
there
73.6%
Answer % Correct
wings
66.2%
Its
64.1%
its
64.1%
fat
63.1%
that
62.8%
are
60.3%
body
59.5%
too
59.2%
small
57.9%
little
57.5%
off
50.7%
ground
48%
get
47%
course
43.1%
flies
40.1%
bees
39.4%
care
31.8%
Because
31.1%
don't
30.1%
humans
29.4%
what
26.9%
think
24.3%
anyways
23.5%
impossible
19%

You're not logged in!

Compare scores with friends on all Sporcle quizzes.
OR
Log In

You Might Also Like...

Show Comments

Extras

Created Nov 29, 2016ReportNominate
Tags:bee, minute

Top Quizzes Today


Score Distribution

Your Account Isn't Verified!

In order to create a playlist on Sporcle, you need to verify the email address you used during registration. Go to your Sporcle Settings to finish the process.

Report this User

Report this user for behavior that violates our Community Guidelines.

Details: